| 000 | 00000nas 2200000za 4500 |
| 001 | 9.503513 |
| 003 | CaOODSP |
| 005 | 20240228144138 |
| 007 | cr ||||||||||| |
| 008 | 150406c2002||||xxc|| p o||||f| |0fre|d |
| 022 | |a1711-3954 |
| 040 | |aCaOODSP|bfre |
| 043 | |an-cn--- |
| 086 | 1 |aMR2-6F-PDF|zMR1-22F-PDF |
| 110 | 2 |aInstitut du cancer (Canada) |
| 245 | 10|aInstitut du cancer - rapport annuel |h[ressource électronique] |
| 260 | |aMontréal - Québec : |bInstituts de recherche en santé du Canada. |
| 310 | |aAnnuel |
| 362 | 1 |a2001/2002-- |
| 691 | 07|aCancer|2gcpds |
| 691 | 07|aRapport annuel|2gcpds |
| 691 | 07|aRecherche médicale|2gcpds |
| 775 | 08|tInstitute of Cancer Research - annual report |w(CaOODSP)9.507121 |